|
|
|
|
| LEADER |
00000ny a22000003n 4500 |
| 005 |
20010306155520.0 |
| 008 |
950515c19949999ve fr p lwg spa |
| 010 |
|
|
|a 95656255
|
| 022 |
|
|
|a 1315-6268
|
| 035 |
|
|
|a 2614
|
| 040 |
|
|
|a DLC
|c DLC
|d vLex
|
| 050 |
0 |
0 |
|a K6
|b .R66
|
| 050 |
0 |
0 |
|a K6
|b .R66
|
| 082 |
0 |
0 |
|a 340/.1
|2 20
|
| 090 |
|
|
|c 1591
|d 1591
|
| 245 |
3 |
0 |
|a Frn̤esis
|h [Recurso electrn̤ico]
|b revista de filosofa̕ jurd̕ica, social y polt̕ica
|
| 256 |
|
|
|a Servicio en ln̕ea
|
| 260 |
|
|
|a Maracaibo, Venezuela :
|b Instituto de Filosofa̕ del Derecho "Dr. Jos ̌M. Delgado Ocando", Facultad de Ciencias Jurd̕icas y Polt̕icas, Universidad del Zulia
|
| 310 |
|
|
|a Semestral
|
| 506 |
1 |
|
|a Contenido solo disponible en los productos indicados
|d vLex Global
|d vLex Global (Academic Edition, excluding Law Schools)
|d vLex Global (U.S. Academic Edition, Law Schools)
|d vLex Global (U.S. Academic Edition, excluding Law Schools)
|d vLex Global (Academic Edition, Law Schools)
|
| 650 |
0 |
4 |
|a Derecho
|x Filosofa̕
|x Publicaciones perid̤icas
|
| 650 |
0 |
4 |
|a Derecho
|z Venezuela
|x Publicaciones perid̤icas
|
| 710 |
2 |
|
|a Universidad del Zulia.
|b Instituto de Filosofa̕ del Derecho "Dr. Jos ̌M. Delgado Ocando"
|
| 740 |
0 |
|
|a vLex Revista (Servicios en ln̕ea)
|
| 843 |
|
|
|a Electrn̤ica. Abierta
|
| 853 |
|
|
|8 1
|i (year)
|j (month)
|k (day)
|
| 856 |
4 |
0 |
|z Acceso restringido
|u http://vlex.com/account/login_ip?fuente_id=2614
|
| 942 |
|
|
|c REV
|
| 999 |
|
0 |
|a Law
|
| 999 |
|
0 |
|a Law
|z Venezuela
|